000 00226nam a22001097a 4500
082 _a001
_bCHA/T
245 _aTELL ME ABOUT
260 _aLONDON
_bCHANCELLOR
300 _a207
650 _aGENERAL KNOWLEDGE
_zLONDON
942 _cBK
999 _c2695
_d2695